Подозрението (Запис номер 162707)
[ съкратено ]
| 000 -Лидер | |
|---|---|
| Контролно поле с фиксирана дължина | nam a22 a 4500 |
| 003 - Код на организацията, давaща контролен номер | |
| Контролно поле | BLK |
| 005 - Дата и час на последна редакция | |
| Контролно поле | 20220727114340.0 |
| 008 - Елементи от данни с фиксирана дължина | |
| fixed length control field | 180410b bul|||||r ||||||| ||bul|| |
| 010 ## - Наследен системен номер | |
| LC control number | KNG00170087000 |
| 040 ## - Източник на каталожния запис | |
| Идентификатор на билиотеката - собственик на записа | BLK |
| 041 ## - Код за език | |
| Код за езика на текст/звукозапис или на отделно заглавие | Български |
| Код за езика КДБФ | Български |
| 080 ## - УДК | |
| Текстов определител УДК | Немска литература |
| УДК код - определител по УДК | 821.112.2 |
| УДК определител | (494)- 31 |
| УДК - код + определител | 821.112.2(494)- 31 |
| 100 1# - Редна дума - Автор | |
| Автор | Дюренмат, Фридрих |
| Авторска отговорност | първи автор |
| R(LIN) | 66272 |
| 139 ## - Редно поле | |
| Редна дума | Дюренмат, Фридрих |
| Авторски знак | Дюм - Д 98 |
| 245 10 - Сведения за заглавието | |
| Заглавие | Подозрението |
| Подзаглавни данни | Роман |
| Редно поле (дума) | Фридрих Дюренмат; прев. от нем. Венцеслав Константинов Константинов. |
| 257 ## - Страна на издаване | |
| Страна на създаване/издаване | Швейцария |
| 260 ## - Област на издателските данни | |
| Място на издаване, разпространение и проч. | София |
| Име на издателя, разпространителя и проч. | Нар. младеж |
| Година на издаване | 1972 |
| 300 ## - Физическа характеристика | |
| Страници | 123 с. |
| Размери/Мащаб | 20 см |
| 380 ## - Жанр | |
| Жанр | Худож. лит. |
| 490 ## - СЕРИИ (Колекции) | |
| Име на серия | Библиотека Лъч |
| №: серия | 36 |
| 9 (RLIN) | 204424 |
| 500 ## - Общи забележки | |
| Забележка | Ориг. загл. Fer Verdacht. - 30 125 тир. |
| 700 1# - Други автори (авторска отговорност) | |
| Лично име | Константинов, Венцеслав Константинов |
| Автороска отговорност (Описва отношението между автора и произведението) | прев. от нем. |
| 9 (RLIN) | 374149 |
| 852 ## - Местоположение | |
| Форматна сигнатура | Цб 62915 |
| 856 4# - Електронен адрес и достъп | |
| Електронен формат | pdf - файл |
| 856 4# - Електронен адрес и достъп | |
| Електронен формат | pdf - файл |
| 999 ## - СИСТЕМНИ КОНТРОЛНИ НОМЕРА | |
| Koha biblionumber | 162707 |
| Koha biblioitemnumber | 162707 |
| 942 ## - АРТИКУЛИ | |
| Вид на библиотечния материал | Книги |
| Скрит в OPAC | Не |
| Периодичен библиозапис | Да |
| 944 ## - СЪЗДАВАНЕ И РЕДАКЦИЯ на ЗАПИСА | |
| Създаване/Редакция | Създаване |
| Дата на регистрацията/редакция | 23.01.2015 |
| Статус, дата на статуса | 23.01.2015 - от С1,Р / 23.01.2015 |
| Служител, извършил регистрацията/редакцията | Наталия_Любомирова |
| 944 ## - СЪЗДАВАНЕ И РЕДАКЦИЯ на ЗАПИСА | |
| Създаване/Редакция | Редакция |
| Дата на регистрацията/редакция | 2022-07-27 |
| Служител, извършил регистрацията/редакцията | ир |
| 999 ## - СИСТЕМНИ КОНТРОЛНИ НОМЕРА | |
| Koha biblioitemnumber | 162707 |
| Код за отписване | Код за изгубен артикул | Източник на класификационната схема | Код за повреда | Коз за рестрикции | Код за отдаване | Артикулен № | Име на библиотеката - собственик | Име на библиотеката, в която се намира в момента | Статус (Текущо местоположение) | Дата на вписване в системата | Местоположение - отдел | Цена в лева | Инвентарен номер | Систематично азбучна сигнатура | Баркод | Номер на екземпляра | Цена в евро | Служебна бележка | Служебен тип на артикула | Бележка за публиката |
|---|---|---|---|---|---|---|---|---|---|---|---|---|---|---|---|---|---|---|---|---|
| Не е изгубен | Universal Decimal Classification | Не е повреден | само за читалня | ползва се в читалня | 271989 | Регионална библиотека "Любен Каравелов" Русе | Регионална библиотека "Любен Каравелов" Русе | Хранилище | 1972-01-01 | Хранилище | 0.42 | 112420 | Цб 62915 | 120000112420 | 1 | 0.21 | N: стар фонд Дата: 01.01.1972 | Книги | ||
| Изтеглен | Не е изгубен | Universal Decimal Classification | Не е повреден | без рестрикции | заемане за дома | 271990 | Регионална библиотека "Любен Каравелов" Русе | Регионална библиотека "Любен Каравелов" Русе | Заемна - подръчен фонд | 1972-01-01 | Заемна - подръчен фонд | 0.42 | 112914 | П 830-31/Д 97 | 112914 | 2 | 0.21 | N: стар фонд Дата: 01.01.1972 | Книги | |
| Изтеглен | Не е изгубен | Universal Decimal Classification | Не е повреден | без рестрикции | заемане за дома | 271991 | Регионална библиотека "Любен Каравелов" Русе | Регионална библиотека "Любен Каравелов" Русе | Заемна - подръчен фонд | 1972-01-01 | Заемна - подръчен фонд | 0.42 | 112916 | П 830-31/Д 97 | 112916 | 3 | 0.21 | N: стар фонд Дата: 01.01.1972 | Книги | |
| Изтеглен | Не е изгубен | Universal Decimal Classification | Не е повреден | без рестрикции | заемане за дома | 271992 | Регионална библиотека "Любен Каравелов" Русе | Регионална библиотека "Любен Каравелов" Русе | Заемна - подръчен фонд | 1972-01-01 | Заемна - подръчен фонд | 0.42 | 112917 | П 830-31/Д 97 | 112917 | 4 | 0.21 | N: стар фонд Дата: 01.01.1972 | Книги | |
| Изтеглен | Не е изгубен | Universal Decimal Classification | Не е повреден | без рестрикции | заемане за дома | 271993 | Регионална библиотека "Любен Каравелов" Русе | Регионална библиотека "Любен Каравелов" Русе | Заемна - подръчен фонд | 1972-01-01 | Заемна - подръчен фонд | 0.42 | 112921 | П 830-31/Д 97 | 112921 | 5 | 0.21 | N: стар фонд Дата: 01.01.1972 | Книги | |
| Изтеглен | Не е изгубен | Universal Decimal Classification | Не е повреден | без рестрикции | заемане за дома | 271994 | Регионална библиотека "Любен Каравелов" Русе | Регионална библиотека "Любен Каравелов" Русе | Заемна - подръчен фонд | 1972-01-01 | Заемна - подръчен фонд | 0.42 | 112922 | П 830-31/Д 97 | 112922 | 6 | 0.21 | N: стар фонд Дата: 01.01.1972 | Книги | |
| Изтеглен | Не е изгубен | Не е повреден | без рестрикции | заемане за дома | 271995 | Регионална библиотека "Любен Каравелов" Русе | Регионална библиотека "Любен Каравелов" Русе | 1972-01-01 | Детски отдел | 0.42 | 112592 | ДХ 820/899/Д 97 | 112592 | 7 | 0.21 | N: стар фонд Дата: 01.01.1972 Дата инв: 10.09.2015 Бележки инв: Д2015 | Книги | Отч.N: 37/17 , Дата: 06.09.2017 |